Break points (Record no. 75467)
[ view plain ]
| 000 -LEADER | |
|---|---|
| fixed length control field | 01166cab a2200181 4500 |
| 001 - CONTROL NUMBER | |
| control field | L130135 |
| 008 - FIXED-LENGTH DATA ELEMENTS--GENERAL INFORMATION | |
| fixed length control field | 050627n2005 000 0 eng u |
| 035 ## - SYSTEM CONTROL NUMBER | |
| System control number | (Sirsi) u130135 |
| 041 ## - LANGUAGE CODE | |
| Language code of text/sound track or separate title | eng |
| 100 ## - MAIN ENTRY--PERSONAL NAME | |
| Personal name | Morgan, Phil |
| 245 ## - TITLE STATEMENT | |
| Title | Break points |
| 260 ## - PUBLICATION, DISTRIBUTION, ETC. | |
| Date of publication, distribution, etc. | 2005 |
| 490 ## - SERIES STATEMENT | |
| Series statement | Inside Housing |
| Volume/sequential designation | 22(24) 17 June 2005, 51-52(2) |
| 520 ## - SUMMARY, ETC. | |
| Summary, etc. | Provides advice on how disputes between tenant groups and landlords can be prevented and looks at the new methodology developed by the Tenant Participation Advisory Service (TPAS) for use in disputes either as a self-help tool or as part of a consultancy project. TPAS proposes setting up a round table meeting of all concerned parties, defining the relationships between the parties, creating a good tenant participation strategy, making sure tenant groups are truly representative, increasing tenant involvement and establishing behaviour boundaries. Provides an example of TPAS rebuilding trust between a local authority landlord and tenant groups. The report and toolkit are freely available from TPAS. |
| 590 ## - LOCAL NOTE (RLIN) | |
| Local note | IKA040705 |
| 690 ## - LOCAL SUBJECT ADDED ENTRY--TOPICAL TERM (OCLC, RLIN) | |
| Topical term or geographic name as entry element | PROPERTY-RESIDENTIAL PROPERTY-RESIDENTIAL LANDLORD AND TENANT |
| 942 ## - ADDED ENTRY ELEMENTS (KOHA) | |
| Suppress in OPAC | 0 |
| Withdrawn status | Lost status | Source of classification or shelving scheme | Damaged status | Not for loan | Home library | Current library | Shelving location | Date acquired | Total Checkouts | Full call number | Barcode | Date last seen | Copy number | Price effective from | Koha item type |
|---|---|---|---|---|---|---|---|---|---|---|---|---|---|---|---|
| Dewey Decimal Classification | London | London | Journal article | 27/06/2005 | L130135 | 130135-1001 | 06/08/2019 | 1 | 06/08/2019 | Journal article |